[Event "Leiden SB-ch"]
[Site "Leiden"]
[Date "2010.06.08"]
[Round "4"]
[White "Heemskerk, Wim"]
[Black "Oosthout, Wouter"]
[Result "1-0"]
[WhiteElo "2263"]
[BlackElo "1906"]
[PlyCount "59"]
[EventDate "2010.05.18"]
[EventType "swiss"]
[EventRounds "7"]
[EventCountry "NED"]
[SourceTitle "EXT 2012"]
[Source "ChessBase"]
[SourceDate "2011.11.24"]
[SourceVersion "1"]
[SourceVersionDate "2011.11.24"]
[SourceQuality "1"]

1. Nf3 f5 2. g3 Nf6 3. c4 e6 4. Bg2 Be7 5. 0-0 0-0 6. Nc3 d6 7. d3 Qe8 8. e4 e5 9. exf5 Nc6 10. d4 Bxf5 11. dxe5 dxe5 12. Nd5 Bd8 13. Be3 Nd7 14. Qb3 Rb8 15. Nd2 Na5 16. Qa4 c6 17. Nc3 Bd3 18. Rfe1 b5 19. cxb5 cxb5 20. Qd1 Nc4 21. Bxa7 Bb6 22. Bxb6 Rxb6 23. Nde4 Nxb2 24. Qb3+ Nc4 25. Nxb5 Bxe4 26. Qxc4+ Qf7 27. Rxe4 Qxc4 28. Rxc4 Rxb5 29. Bc6 Rc5 30. Bxd7 1-0

[Event "Leiden SB-ch"]
[Site "Leiden"]
[Date "2008.06.03"]
[Round "3"]
[White "Oosthout, Wouter"]
[Black "Kubbenga, Michael"]
[Result "1-0"]
[WhiteElo "1858"]
[BlackElo "1936"]
[PlyCount "79"]
[EventDate "2008.05.20"]
[EventType "swiss"]
[EventRounds "7"]
[EventCountry "NED"]
[SourceTitle "EXT 2012"]
[Source "ChessBase"]
[SourceDate "2011.11.24"]
[SourceVersion "1"]
[SourceVersionDate "2011.11.24"]
[SourceQuality "1"]

1. e4 e5 2. Nf3 Nc6 3. Bc4 Nf6 4. Ng5 d5 5. exd5 Na5 6. Bb5+ c6 7. dxc6 bxc6 8. Be2 h6 9. Nf3 e4 10. Ne5 Bc5 11. f4 Qd4 12. Rf1 Bb6 13. c3 Qd6 14. Qa4 0-0 15. b4 Nb7 16. Qxc6 Qe7 17. Ba3 Be6 18. Ba6 Bd5 19. Qb5 e3 20. Qe2 Nd7 21. Bc4 Bxc4 22. Nxc4 exd2+ 23. Nbxd2 Qf6 24. Ne4 Qe6 25. f5 Qc6 26. b5 Qxb5 27. Bxf8 Kxf8 28. Nxb6 Qxb6 29. Rd1 Qc6 30. Rd4 Re8 31. Rf3 Nd6 32. Rxd6 Qxe4 33. Qxe4 Rxe4+ 34. Kf2 Ne5 35. Rg3 Rf4+ 36. Ke2 Rxf5 37. Ra6 g5 38. Rxa7 h5 39. Ra5 f6 40. Rf3 1-0

[Event "Leiden SB-ch"]
[Site "Leiden"]
[Date "2004.05.26"]
[Round "2"]
[White "Oosthout, Wouter"]
[Black "Plug, Arjan JH"]
[Result "1-0"]
[WhiteElo "1848"]
[BlackElo "1918"]
[PlyCount "41"]
[EventDate "2004.05.19"]
[EventType "swiss"]
[EventRounds "7"]
[EventCountry "NED"]
[SourceTitle "EXT 2012"]
[Source "ChessBase"]
[SourceDate "2011.11.24"]
[SourceVersion "1"]
[SourceVersionDate "2011.11.24"]
[SourceQuality "1"]

1. e4 e6 2. c4 Nc6 3. Nc3 Nf6 4. Nf3 d6 5. d4 e5 6. h3 Be7 7. Be3 a5 8. Qc2 0-0 9. Rd1 Bd7 10. Qb1 exd4 11. Nxd4 Qc8 12. g4 Nxd4 13. Bxd4 Bc6 14. f3 Re8 15. Bd3 g6 16. 0-0 Nd7 17. Nd5 Bxd5 18. cxd5 Ne5 19. Be2 c5 20. Bxe5 dxe5 21. d6 1-0